| 000 | 00660nam a2200229Ia 4500 | ||
|---|---|---|---|
| 003 | OSt | ||
| 005 | 20220918220100.0 | ||
| 006 | a|||||r|||| 00| 0 | ||
| 007 | ta | ||
| 008 | 220917b |||||||| |||| 00| 0 eng d | ||
| 024 | _a144,355 | ||
| 037 | _cTextual | ||
| 040 |
_aARTS _cARTS _beng |
||
| 041 |
_2eng _aeng |
||
| 082 | _aY172:3, D9(906) | ||
| 100 | _aFrobenius Leo | ||
| 245 | 0 |
_aChildhood of man _b A popular account of the lives customs and thoughts of the prmitive races tr by A H Keane |
|
| 260 |
_aNA _bNA _c1909 |
||
| 650 | _aSOCIOLOGY | ||
| 942 |
_hY172:3, D9(906) _cTEXL _2CC |
||
| 999 |
_c267269 _d267269 |
||